[Event "Colombia ch femenino 2009"]
[Site "Buga COL"]
[Date "2009.06.03"]
[Round "1.1"]
[White "Rivera, Ingris"]
[Black "Salazar, Dirza Marcela"]
[Result "1-0"]
[WhiteElo "2187"]
[BlackElo "1921"]
[PlyCount "51"]
[EventDate "2009.06.03"]
[EventType "tourn"]
[EventRounds "9"]
[EventCountry "COL"]
[Source "lmi"]
[SourceDate "2009.06.03"]

1. e4 c5 2. Nf3 d6 3. d3 g6 4. g3 Bg7 5. Bg2 Nc6 6. O-O Nf6 7. Nbd2 O-O 8. c3
Rb8 9. Re1 b6 10. d4 Qc7 11. d5 Na5 12. c4 b5 13. cxb5 Rxb5 14. Bf1 Rb8 15. Qc2
Bd7 16. Rb1 Qb6 17. b3 a6 18. Bb2 Rfc8 19. Bc3 Bb5 20. Nc4 Bxc4 21. bxc4 Qc7
22. Qa4 Nb7 23. Bh3 Re8 24. Qc6 Qd8 25. Rxb7 Rxb7 26. Qxb7 1-0

[Event "Colombia ch femenino 2009"]
[Site "Buga COL"]
[Date "2009.06.03"]
[Round "1.2"]
[White "Mateus, Martha"]
[Black "Salazar, Aura Cristina"]
[Result "1-0"]
[WhiteElo "2162"]
[BlackElo "2031"]
[PlyCount "55"]
[EventDate "2009.06.03"]
[EventType "tourn"]
[EventRounds "9"]
[EventCountry "COL"]
[Source "lmi"]
[SourceDate "2009.06.03"]

1. e4 c5 2. c3 d5 3. exd5 Qxd5 4. d4 e6 5. Nf3 Nf6 6. Bd3 Be7 7. O-O cxd4 8.
cxd4 O-O 9. Nc3 Qd8 10. Ne5 Nbd7 11. Qf3 Nb6 12. Be3 Nbd5 13. Qh3 a6 14. Rad1
Qd6 15. Rfe1 b5 16. Ne4 Qb6 17. Bg5 g6 18. Bh6 Rd8 19. Ng5 Bb4 20. Ngxf7 Bxe1
21. Rxe1 Re8 22. Bg5 Qxd4 23. Bxg6 Nf4 24. Qh6 Qb4 25. Rf1 Nxg6 26. Bxf6 Qf8
27. Qg5 Qxf7 28. Nxf7 1-0

[Event "Colombia ch femenino 2009"]
[Site "Buga COL"]
[Date "2009.06.03"]
[Round "1.3"]
[White "Franco Valencia, Beatriz I"]
[Black "Rodriguez Rueda, Paula Andrea"]
[Result "1-0"]
[WhiteElo "2155"]
[BlackElo "2035"]
[PlyCount "113"]
[EventDate "2009.06.03"]
[EventType "tourn"]
[EventRounds "9"]
[EventCountry "COL"]
[Source "lmi"]
[SourceDate "2009.06.03"]

1. e4 c5 2. Nc3 e6 3. g3 Nc6 4. Bg2 g6 5. d3 Bg7 6. Be3 d6 7. Qd2 Nge7 8. Bh6
O-O 9. h4 Bxh6 10. Qxh6 Kh8 11. Nf3 Ng8 12. Qd2 h6 13. d4 e5 14. dxc5 dxc5 15.
Nd5 Be6 16. O-O-O Kg7 17. Qc3 Nd4 18. Kb1 Bxd5 19. exd5 Nxf3 20. Bxf3 Qd6 21.
Rhe1 Rfe8 22. Bg2 Kh7 23. g4 Rac8 24. g5 h5 25. Bh3 Rb8 26. Re4 b5 27. Qd2 Rbd8
28. Kc1 Ne7 29. f4 Qxd5 30. Qxd5 Rxd5 31. Rxe5 Red8 32. Rdxd5 Nxd5 33. f5 gxf5
34. Bxf5+ Kg7 35. Be4 Nf4 36. Bf3 Ne6 37. Bxh5 Rd4 38. Rf5 Rf4 39. Rxf4 Nxf4
40. Bf3 f6 41. gxf6+ Kxf6 42. Kd2 Ke5 43. Ke3 Ne6 44. h5 Nd8 45. h6 Nf7 46. h7
Nh8 47. Bh5 a6 48. c3 a5 49. Kd3 Kd5 50. Bf3+ Ke5 51. Bc6 c4+ 52. Ke3 b4 53.
Bf3 bxc3 54. bxc3 Ng6 55. Be2 Kd5 56. Bh5 Nh8 57. Kf4 1-0

[Event "Colombia ch femenino 2009"]
[Site "Buga COL"]
[Date "2009.06.03"]
[Round "1.4"]
[White "Franco Valencia, Angela Maria"]
[Black "Orozco, Luz Elena"]
[Result "0-1"]
[WhiteElo "2118"]
[BlackElo "2058"]
[PlyCount "116"]
[EventDate "2009.06.03"]
[EventType "tourn"]
[EventRounds "9"]
[EventCountry "COL"]
[Source "lmi"]
[SourceDate "2009.06.03"]

1. e4 c5 2. Nf3 Nc6 3. d4 cxd4 4. Nxd4 Nf6 5. Nc3 e5 6. Ndb5 d6 7. Bg5 a6 8.
Na3 b5 9. Nd5 Qa5+ 10. Bd2 Qd8 11. Bg5 Qa5+ 12. Bd2 Qd8 13. Bd3 Be7 14. c4 Nxd5
15. exd5 Nd4 16. cxb5 O-O 17. bxa6 Bxa6 18. Bc3 Qb6 19. O-O Qc5 20. Bxd4 exd4
21. Bxa6 Rxa6 22. Nc2 Rb8 23. Nxd4 Qxd5 24. Qe2 Ra7 25. Rfd1 Bf6 26. Nf3 Qa8
27. Rd2 Rxa2 28. Rxa2 Qxa2 29. g4 h6 30. Ne1 Qa4 31. Nd3 Re8 32. Qf3 Bg5 33.
Rd1 Qb3 34. Kg2 Rb8 35. Re1 Bf6 36. Re2 Qb5 37. h3 d5 38. Qf5 Qc6 39. Kh2 Rb3
40. Rd2 d4 41. Re2 g6 42. Ne5 Qd6 43. Qc8+ Kg7 44. Qe8 Bxe5+ 45. Qxe5+ Qxe5+
46. Rxe5 Rxb2 47. Kg3 Kf6 48. Rd5 Rb4 49. Kf3 Ke6 50. Rd8 Ke5 51. Re8+ Kd5 52.
h4 Rb6 53. Ke2 Re6+ 54. Rxe6 Kxe6 55. f4 f5 56. Kd3 fxg4 57. Kxd4 Kf5 58. Ke3
h5 0-1

[Event "Colombia ch femenino 2009"]
[Site "Buga COL"]
[Date "2009.06.03"]
[Round "1.5"]
[White "Orozco, Lina Yomayra"]
[Black "Herrera, Milena"]
[Result "1-0"]
[WhiteElo "2111"]
[BlackElo "2108"]
[PlyCount "81"]
[EventDate "2009.06.03"]
[EventType "tourn"]
[EventRounds "9"]
[EventCountry "COL"]
[Source "lmi"]
[SourceDate "2009.06.03"]

1. e4 e5 2. Nf3 Nf6 3. Nxe5 d6 4. Nf3 Nxe4 5. Nc3 Nxc3 6. dxc3 Be7 7. Bf4 Nd7
8. Qd2 Nc5 9. Bd3 Bg4 10. Nd4 Nxd3+ 11. Qxd3 Qd7 12. f3 Be6 13. Bg3 Bf6 14. O-O
O-O 15. Rfe1 Rfe8 16. Nxe6 Rxe6 17. Rxe6 fxe6 18. Re1 Re8 19. b3 a6 20. c4 Qc6
21. Qe4 Qxe4 22. Rxe4 Kf7 23. a4 Ke7 24. Kf1 Kd7 25. Re1 Kc6 26. Ke2 Bc3 27.
Rd1 b5 28. axb5+ axb5 29. cxb5+ Kxb5 30. Kd3 Bf6 31. Re1 Kc5 32. Re4 d5 33. Ra4
e5 34. Bf2+ Kb5 35. Be3 Rd8 36. Ra7 c5 37. Rb7+ Kc6 38. Rf7 Ra8 39. g4 Ra1 40.
g5 Bd8 41. Rxg7 1-0

[Event "Colombia ch femenino 2009"]
[Site "Buga COL"]
[Date "2009.06.04"]
[Round "2.1"]
[White "Salazar, Dirza Marcela"]
[Black "Herrera, Milena"]
[Result "1-0"]
[WhiteElo "1921"]
[BlackElo "2108"]
[PlyCount "51"]
[EventDate "2009.06.03"]
[EventType "tourn"]
[EventRounds "9"]
[EventCountry "COL"]
[Source "lmi"]
[SourceDate "2009.06.03"]

1. e4 c5 2. Nf3 d6 3. d4 cxd4 4. Nxd4 Nf6 5. Nc3 a6 6. Be2 e5 7. Nb3 Be6 8. g4
d5 9. g5 Nxe4 10. Nxe4 dxe4 11. Qxd8+ Kxd8 12. Be3 Kc7 13. Nd2 Bd5 14. O-O-O
Nd7 15. Rhg1 f5 16. gxf6 gxf6 17. Bg4 Nb6 18. Bf5 Nc4 19. Nxc4 Bxc4 20. Rd7+
Kc6 21. Rgd1 Rb8 22. Bxe4+ Kb5 23. Kb1 a5 24. Bxb7 Bc5 25. a4+ Kb6 26. R1d6+
1-0

[Event "Colombia ch femenino 2009"]
[Site "Buga COL"]
[Date "2009.06.04"]
[Round "2.2"]
[White "Orozco, Luz Elena"]
[Black "Orozco, Lina Yomayra"]
[Result "1/2-1/2"]
[WhiteElo "2058"]
[BlackElo "2111"]
[PlyCount "61"]
[EventDate "2009.06.03"]
[EventType "tourn"]
[EventRounds "9"]
[EventCountry "COL"]
[Source "lmi"]
[SourceDate "2009.06.03"]

1. e4 e6 2. Nf3 d5 3. exd5 exd5 4. d4 Bd6 5. Bb5+ c6 6. Bd3 Bg4 7. h3 Bh5 8.
O-O Ne7 9. Be3 O-O 10. Nbd2 Nd7 11. c4 dxc4 12. Nxc4 Bc7 13. Be2 Nb6 14. Qc2
Bg6 15. Bd3 Bxd3 16. Qxd3 Nxc4 17. Qxc4 Nd5 18. Rfe1 Nxe3 19. Rxe3 Qf6 20. Rae1
Bd6 21. Ne5 Bxe5 22. Rxe5 Rad8 23. d5 Rxd5 24. Rxd5 cxd5 25. Qxd5 Qa6 26. a4
Qb6 27. Qd3 Qb4 28. Rc1 Qb6 29. Qe3 Qxe3 30. fxe3 Re8 31. Kf2 1/2-1/2

[Event "Colombia ch femenino 2009"]
[Site "Buga COL"]
[Date "2009.06.04"]
[Round "2.3"]
[White "Rodriguez Rueda, Paula Andrea"]
[Black "Franco Valencia, Angela Maria"]
[Result "0-1"]
[WhiteElo "2035"]
[BlackElo "2118"]
[PlyCount "40"]
[EventDate "2009.06.03"]
[EventType "tourn"]
[EventRounds "9"]
[EventCountry "COL"]
[Source "lmi"]
[SourceDate "2009.06.03"]

1. d4 e6 2. c4 d5 3. Nc3 c6 4. e3 f5 5. Nf3 Bd6 6. Ne5 Nf6 7. Be2 O-O 8. O-O
Nbd7 9. f4 Ne4 10. Nxe4 fxe4 11. Nxd7 Bxd7 12. c5 Bc7 13. Rb1 g5 14. g3 gxf4
15. gxf4 Kh8 16. Kh1 Rg8 17. Rg1 Qh4 18. Qe1 Rxg1+ 19. Qxg1 Rg8 20. Qf1 e5 0-1

[Event "Colombia ch femenino 2009"]
[Site "Buga COL"]
[Date "2009.06.04"]
[Round "2.4"]
[White "Salazar, Aura Cristina"]
[Black "Franco Valencia, Beatriz I"]
[Result "1/2-1/2"]
[WhiteElo "2031"]
[BlackElo "2155"]
[PlyCount "111"]
[EventDate "2009.06.03"]
[EventType "tourn"]
[EventRounds "9"]
[EventCountry "COL"]
[Source "lmi"]
[SourceDate "2009.06.03"]

1. e4 e5 2. Nf3 Nc6 3. Bb5 a6 4. Ba4 Nf6 5. O-O Be7 6. Re1 b5 7. Bb3 d6 8. c3
O-O 9. h3 Re8 10. Ng5 Rf8 11. d4 h6 12. Nf3 Re8 13. Nbd2 Bf8 14. Nf1 Bb7 15.
Ng3 Na5 16. Bc2 c5 17. b3 Qc7 18. d5 g6 19. Nh2 Bg7 20. Ng4 Nxg4 21. hxg4 Bc8
22. f3 Kh7 23. Kf2 Rh8 24. Rh1 Kg8 25. Be3 Qe7 26. a4 b4 27. cxb4 cxb4 28. Qd2
Qc7 29. Rac1 Rb8 30. Bxh6 Qc3 31. Qg5 f6 32. Qxg6 Rxh6 33. Qe8+ Bf8 34. Rxh6
Qd2+ 35. Ne2 Qxh6 36. Bd3 Nxb3 37. Rxc8 Rxc8 38. Qe6+ Kg7 39. Qxc8 Nc5 40. Bc4
Qd2 41. Qc7+ Kg8 42. Qa5 Qb2 43. Qd8 Qc2 44. Qxf6 Qxc4 45. Qg6+ Kh8 46. Qf6+
Kg8 47. Qg6+ Kh8 48. Qf6+ Bg7 49. Qd8+ Kh7 50. Qh4+ Kg8 51. Qd8+ Bf8 52. Qg5+
Kf7 53. Qf5+ Kg7 54. Qg5+ Kh7 55. Qf5+ Kg7 56. Qg5+ 1/2-1/2

[Event "Colombia ch femenino 2009"]
[Site "Buga COL"]
[Date "2009.06.04"]
[Round "2.5"]
[White "Rivera, Ingris"]
[Black "Mateus, Martha"]
[Result "1/2-1/2"]
[WhiteElo "2187"]
[BlackElo "2162"]
[PlyCount "93"]
[EventDate "2009.06.03"]
[EventType "tourn"]
[EventRounds "9"]
[EventCountry "COL"]
[Source "lmi"]
[SourceDate "2009.06.03"]

1. d4 d5 2. Nf3 Nf6 3. Bf4 c5 4. c3 Nc6 5. e3 Qb6 6. Qb3 c4 7. Qxb6 axb6 8.
Nbd2 h6 9. Be2 b5 10. O-O b4 11. cxb4 Nxb4 12. a3 Nc6 13. Ne5 e6 14. Rfc1 Nxe5
15. Bxe5 Be7 16. Bxf6 gxf6 17. e4 f5 18. exd5 exd5 19. b3 cxb3 20. Nxb3 Bd7 21.
Nc5 Bc6 22. a4 Bf6 23. Nb3 Rxa4 24. Rxa4 Bxa4 25. Na5 b6 26. Nc6 Kd7 27. Nb4
Bxd4 28. Nxd5 Kd6 29. Ne3 Bxe3 30. fxe3 Re8 31. Kf2 Re5 32. Rc4 b5 33. Rh4 Kc5
34. Rxh6 Re6 35. Rh7 Rf6 36. Bd3 b4 37. Ke2 Bb5 38. Rh8 Bxd3+ 39. Kxd3 Rd6+ 40.
Kc2 Re6 41. Rh5 Rxe3 42. Rxf5+ Kc4 43. Rf4+ Kb5 44. Rxf7 Re2+ 45. Kb3 Re3+ 46.
Kb2 Re2+ 47. Kb3 1/2-1/2

[Event "Colombia ch femenino 2009"]
[Site "Buga COL"]
[Date "2009.06.04"]
[Round "3.1"]
[White "Mateus, Martha"]
[Black "Salazar, Dirza Marcela"]
[Result "1-0"]
[WhiteElo "2162"]
[BlackElo "1921"]
[PlyCount "81"]
[EventDate "2009.06.03"]
[EventType "tourn"]
[EventRounds "9"]
[EventCountry "COL"]
[Source "lmi"]
[SourceDate "2009.06.03"]

1. e4 c5 2. Nf3 d6 3. d4 cxd4 4. Nxd4 Nf6 5. Nc3 a6 6. Bg5 e6 7. f4 Be7 8. Qf3
Qc7 9. O-O-O Nbd7 10. g4 b5 11. Bxf6 Nxf6 12. g5 Nd7 13. f5 Bxg5+ 14. Kb1 Ne5
15. Qh5 Qe7 16. Rg1 Bf6 17. fxe6 Bxe6 18. Nxe6 Qxe6 19. Nd5 Qc8 20. Nxf6+ gxf6
21. Bh3 Qc5 22. Qf5 Kd8 23. Rg3 Ke7 24. Rf1 Rhg8 25. Qxf6+ Kf8 26. Qh6+ Ke7 27.
Rc3 Qb6 28. Qh4+ Kf8 29. Qxh7 b4 30. Qh6+ Ke7 31. Qf6+ Ke8 32. Rd3 Rd8 33. Rd5
Qc7 34. b3 Ng4 35. Bxg4 Rxg4 36. Qh8+ Ke7 37. Qh5 Rg7 38. Rdf5 Kf8 39. Qh8+ Rg8
40. Qh6+ Rg7 41. Rg5 1-0

[Event "Colombia ch femenino 2009"]
[Site "Buga COL"]
[Date "2009.06.04"]
[Round "3.2"]
[White "Franco Valencia, Beatriz I"]
[Black "Rivera, Ingris"]
[Result "1-0"]
[WhiteElo "2155"]
[BlackElo "2187"]
[PlyCount "69"]
[EventDate "2009.06.03"]
[EventType "tourn"]
[EventRounds "9"]
[EventCountry "COL"]
[Source "lmi"]
[SourceDate "2009.06.03"]

1. e4 c5 2. Nc3 Nc6 3. g3 g6 4. Bg2 Bg7 5. d3 e6 6. Be3 d6 7. Qd2 Nd4 8. Nd1
Ne7 9. c3 Ndc6 10. Bh6 O-O 11. h4 f5 12. h5 Qe8 13. Nf3 Qf7 14. hxg6 Qxg6 15.
Bxg7 Qxg7 16. Qg5 Rf6 17. Qxg7+ Kxg7 18. Ne3 Bd7 19. Ng5 h6 20. Nh3 e5 21. exf5
Bxf5 22. Nxf5+ Rxf5 23. O-O-O d5 24. f4 Rh8 25. fxe5 Rxe5 26. Nf4 b6 27. Rde1
d4 28. Kd2 Rxe1 29. Rxe1 dxc3+ 30. bxc3 Kf7 31. Re6 Nd8 32. Rd6 Rg8 33. Be4 Ke8
34. Nh5 Rg5 35. Rxh6 1-0

[Event "Colombia ch femenino 2009"]
[Site "Buga COL"]
[Date "2009.06.04"]
[Round "3.3"]
[White "Franco Valencia, Angela Maria"]
[Black "Salazar, Aura Cristina"]
[Result "1-0"]
[WhiteElo "2118"]
[BlackElo "2031"]
[PlyCount "81"]
[EventDate "2009.06.03"]
[EventType "tourn"]
[EventRounds "9"]
[EventCountry "COL"]
[Source "lmi"]
[SourceDate "2009.06.03"]

1. e4 c5 2. Nf3 d6 3. d4 cxd4 4. Nxd4 Nf6 5. Nc3 g6 6. f4 Nc6 7. Nf3 Bg7 8. Bc4
O-O 9. O-O Bg4 10. Be3 Nd7 11. Be2 Nb6 12. Rb1 Na5 13. Bd4 e5 14. fxe5 Bxf3 15.
Rxf3 dxe5 16. Bc5 Re8 17. Qxd8 Rexd8 18. Bxb6 axb6 19. Rbf1 Rf8 20. Nd5 Nc6 21.
Bc4 Ra4 22. Nxb6 Rb4 23. Rb3 Rxb3 24. Bxb3 Nd8 25. Bd5 Re8 26. a4 Re7 27. Rf3
Rc7 28. c3 Bf8 29. b4 Kg7 30. Kf1 f6 31. Bb3 Bd6 32. a5 f5 33. exf5 gxf5 34.
Nd5 Rf7 35. Ne3 Rf6 36. Nxf5+ Kh8 37. Nxd6 Rxd6 38. Ke2 Kg7 39. Rd3 Rxd3 40.
Kxd3 Kf6 41. Bd5 1-0

[Event "Colombia ch femenino 2009"]
[Site "Buga COL"]
[Date "2009.06.04"]
[Round "3.4"]
[White "Orozco, Lina Yomayra"]
[Black "Rodriguez Rueda, Paula Andrea"]
[Result "1-0"]
[WhiteElo "2111"]
[BlackElo "2035"]
[PlyCount "114"]
[EventDate "2009.06.03"]
[EventType "tourn"]
[EventRounds "9"]
[EventCountry "COL"]
[Source "lmi"]
[SourceDate "2009.06.03"]

1. e4 c5 2. d4 cxd4 3. c3 dxc3 4. Nxc3 Nc6 5. Nf3 d6 6. Bc4 e6 7. O-O a6 8. a4
Nf6 9. Qe2 Be7 10. Rd1 Qc7 11. h3 O-O 12. Bg5 b6 13. Rac1 Bb7 14. Ba2 Rac8 15.
b4 Qb8 16. Qb2 Rfd8 17. Bh4 a5 18. b5 Nb4 19. Bb1 Rc4 20. Nd2 Rc7 21. Ne2 Rdc8
22. Rxc7 Rxc7 23. f3 Qc8 24. Nb3 Rd7 25. Qd4 Bd8 26. Rc1 Rc7 27. Qxd6 Rxc1+ 28.
Nexc1 Bc7 29. Qd4 Nd7 30. Nd3 Nxd3 31. Qxd3 Ne5 32. Qc2 Bd6 33. Qxc8+ Bxc8 34.
Kf2 Kf8 35. Ke2 Ke8 36. Bf2 Nd7 37. Ba2 Kd8 38. g3 Kc7 39. f4 Bb7 40. Kd3 Bc5
41. Nxc5 Nxc5+ 42. Bxc5 bxc5 43. Bb1 Kb6 44. g4 g6 45. h4 h6 46. Ba2 Bc8 47.
Bb3 Bd7 48. g5 h5 49. f5 Bc8 50. Ke3 Kc7 51. Kf4 Kd6 52. b6 Bb7 53. Bc4 e5+ 54.
Ke3 Ke7 55. f6+ Kd7 56. Bb5+ Bc6 57. b7 Bxb5 1-0

[Event "Colombia ch femenino 2009"]
[Site "Buga COL"]
[Date "2009.06.04"]
[Round "3.5"]
[White "Herrera, Milena"]
[Black "Orozco, Luz Elena"]
[Result "0-1"]
[WhiteElo "2108"]
[BlackElo "2058"]
[PlyCount "118"]
[EventDate "2009.06.03"]
[EventType "tourn"]
[EventRounds "9"]
[EventCountry "COL"]
[Source "lmi"]
[SourceDate "2009.06.03"]

1. e4 c5 2. Nf3 Nc6 3. d4 cxd4 4. Nxd4 e5 5. Nb5 d6 6. c4 Be7 7. N1c3 a6 8. Na3
f5 9. exf5 Bxf5 10. Bd3 Be6 11. O-O Nf6 12. Bg5 O-O 13. Bxf6 Rxf6 14. Nc2 Qd7
15. Ne3 Raf8 16. Ncd5 Rh6 17. f4 exf4 18. Rxf4 Rxf4 19. Nxf4 Bg5 20. Ned5 Bg4
21. Be2 Bf5 22. Bh5 Ne5 23. Qd4 Bxf4 24. Nxf4 g5 25. Nd5 Qg7 26. Qf2 Bg4 27.
Bxg4 Nxg4 28. Qb6 Qd7 29. Rf1 Kg7 30. Qd4+ Ne5 31. b3 Re6 32. Nc3 h6 33. Ne4
Kg6 34. Qf2 Qe7 35. Qf5+ Kg7 36. Ng3 Ng6 37. Qh3 Nh4 38. Qg4 Re1 39. Qd4+ Kh7
40. Qd3+ Ng6 41. Nf5 Rxf1+ 42. Kxf1 Qf6 43. Qe4 Qa1+ 44. Qe1 Qxa2 45. Nxd6 Qxb3
46. Qe6 Qb1+ 47. Kf2 Qc2+ 48. Kf1 Qc1+ 49. Kf2 Qc2+ 50. Kf1 Qxg2+ 51. Ke1 Qg1+
52. Kd2 Qxh2+ 53. Kc3 Qe5+ 54. Qxe5 Nxe5 55. Nxb7 g4 56. Kd4 Nxc4 57. Ke4 Kg6
58. Kf4 h5 59. Nc5 a5 0-1

[Event "Colombia ch femenino 2009"]
[Site "Buga COL"]
[Date "2009.06.05"]
[Round "4.1"]
[White "Salazar, Dirza Marcela"]
[Black "Orozco, Luz Elena"]
[Result "0-1"]
[WhiteElo "1921"]
[BlackElo "2058"]
[PlyCount "74"]
[EventDate "2009.06.03"]
[EventType "tourn"]
[EventRounds "9"]
[EventCountry "COL"]
[Source "lmi"]
[SourceDate "2009.06.03"]

1. e4 c5 2. Nf3 Nc6 3. d4 cxd4 4. Nxd4 Nf6 5. Nc3 e5 6. Ndb5 d6 7. Bg5 a6 8.
Na3 b5 9. Bxf6 gxf6 10. Nd5 Bg7 11. Bd3 Ne7 12. Nxe7 Qxe7 13. c4 f5 14. O-O O-O
15. Qh5 Rb8 16. exf5 e4 17. Rae1 Bb7 18. Qg4 bxc4 19. Bxe4 Bxe4 20. Rxe4 Qf6
21. Rxc4 Rxb2 22. Rc6 Rxa2 23. Rxa6 Kh8 24. Ra4 Qb2 25. Nb5 Rxa4 26. Qxa4 d5
27. g4 h6 28. Rd1 Qe5 29. Nd4 Qf4 30. h3 h5 31. gxh5 Be5 32. Qa3 Rg8+ 33. Kf1
Bxd4 34. Qa2 Qe4 35. Qa4 Qg2+ 36. Ke2 Qxf2+ 37. Kd3 Rg3# 0-1

[Event "Colombia ch femenino 2009"]
[Site "Buga COL"]
[Date "2009.06.05"]
[Round "4.2"]
[White "Rodriguez Rueda, Paula Andrea"]
[Black "Herrera, Milena"]
[Result "0-1"]
[WhiteElo "2035"]
[BlackElo "2108"]
[PlyCount "86"]
[EventDate "2009.06.03"]
[EventType "tourn"]
[EventRounds "9"]
[EventCountry "COL"]
[Source "lmi"]
[SourceDate "2009.06.03"]

1. d4 Nf6 2. c4 c5 3. d5 e6 4. Nc3 exd5 5. cxd5 d6 6. e4 g6 7. Nf3 Bg7 8. Be2
O-O 9. O-O Bg4 10. h3 Bxf3 11. Bxf3 a6 12. a4 Re8 13. Bf4 Qc7 14. Re1 Nbd7 15.
Rc1 Ne5 16. Bxe5 Rxe5 17. g3 b5 18. Bg2 b4 19. f4 Ree8 20. Nb1 c4 21. Kh2 Nh5
22. Re2 Rac8 23. Bf3 Nf6 24. e5 Nd7 25. exd6 Qxd6 26. Rxe8+ Rxe8 27. Rxc4 Qb6
28. Qd2 a5 29. Qg2 Nc5 30. Qc2 Nxa4 31. b3 Nc3 32. Nxc3 Bxc3 33. Qg2 Kg7 34.
Rc6 Qd4 35. d6 Rd8 36. Bd5 Qf6 37. Rc7 Qxd6 38. Rxf7+ Kh8 39. Bc4 Qc5 40. Be2
a4 41. Qb7 Qf2+ 42. Kh1 Qe1+ 43. Kg2 Qxe2+ 0-1

[Event "Colombia ch femenino 2009"]
[Site "Buga COL"]
[Date "2009.06.05"]
[Round "4.3"]
[White "Salazar, Aura Cristina"]
[Black "Orozco, Lina Yomayra"]
[Result "1/2-1/2"]
[WhiteElo "2031"]
[BlackElo "2111"]
[PlyCount "76"]
[EventDate "2009.06.03"]
[EventType "tourn"]
[EventRounds "9"]
[EventCountry "COL"]
[Source "lmi"]
[SourceDate "2009.06.03"]

1. e4 c5 2. Nf3 e6 3. d4 cxd4 4. Nxd4 a6 5. Bd3 Qc7 6. O-O Nf6 7. Qe2 d6 8. c4
g6 9. Nc3 Bg7 10. Be3 O-O 11. f3 Nc6 12. Nxc6 Qxc6 13. Rfd1 Nd7 14. Qf2 Rd8 15.
Rac1 b6 16. e5 Nc5 17. Qh4 Bb7 18. Be4 Qc7 19. exd6 Rxd6 20. Rxd6 Qxd6 21. Bxb7
Nxb7 22. Rd1 Qc7 23. Ne4 Nc5 24. Nf6+ Bxf6 25. Qxf6 e5 26. Qd6 Rc8 27. Bh6 Ne6
28. Qxc7 Nxc7 29. Rd6 Rb8 30. Be3 b5 31. c5 Kf8 32. Rc6 Rc8 33. Bd2 Ke7 34. Ba5
Kd7 35. Rxc7+ Rxc7 36. Bxc7 Kxc7 37. b4 f5 38. g4 Kc6 1/2-1/2

[Event "Colombia ch femenino 2009"]
[Site "Buga COL"]
[Date "2009.06.05"]
[Round "4.4"]
[White "Rivera, Ingris"]
[Black "Franco Valencia, Angela Maria"]
[Result "0-1"]
[WhiteElo "2187"]
[BlackElo "2118"]
[PlyCount "60"]
[EventDate "2009.06.03"]
[EventType "tourn"]
[EventRounds "9"]
[EventCountry "COL"]
[Source "lmi"]
[SourceDate "2009.06.03"]

1. d4 Nf6 2. Nf3 e6 3. Bf4 b6 4. e3 Bb7 5. Nbd2 c5 6. c3 Be7 7. Bd3 d5 8. h3
Nc6 9. Qe2 O-O 10. Ne5 Bd6 11. Bh2 Qc7 12. f4 Ne7 13. g4 Ne4 14. g5 Nf5 15.
Nxe4 dxe4 16. Bc2 b5 17. O-O-O Bxe5 18. fxe5 Bd5 19. Bf4 Qa5 20. a3 b4 21. axb4
cxb4 22. c4 Qa1+ 23. Bb1 Bxc4 24. Qxc4 Rac8 25. Qc2 Rxc2+ 26. Kxc2 b3+ 27. Kc3
Rc8+ 28. Kxb3 Rb8+ 29. Kc4 Qxb2 30. Bxe4 Qb3+ 0-1

[Event "Colombia ch femenino 2009"]
[Site "Buga COL"]
[Date "2009.06.05"]
[Round "4.5"]
[White "Mateus, Martha"]
[Black "Franco Valencia, Beatriz I"]
[Result "1/2-1/2"]
[WhiteElo "2162"]
[BlackElo "2155"]
[PlyCount "126"]
[EventDate "2009.06.03"]
[EventType "tourn"]
[EventRounds "9"]
[EventCountry "COL"]
[Source "lmi"]
[SourceDate "2009.06.03"]

1. e4 e5 2. Nf3 Nc6 3. d4 exd4 4. Nxd4 Bc5 5. Nb3 Bb6 6. a4 a6 7. Nc3 Nge7 8.
Bg5 f6 9. Bf4 Ng6 10. Bg3 d6 11. h4 Be6 12. Nd5 Ba7 13. h5 Nf8 14. h6 g6 15.
Be2 Bxd5 16. Qxd5 Qd7 17. a5 O-O-O 18. Rh4 Kb8 19. Rf4 Ne7 20. Qf7 f5 21. Bc4
d5 22. exd5 Nxd5 23. Bxd5 Qxd5 24. Qxd5 Rxd5 25. Rc4 Ne6 26. Kf1 Kc8 27. Re1
Kd7 28. Rb4 b5 29. axb6 Bxb6 30. Ra1 a5 31. Rba4 Ra8 32. f3 g5 33. Be1 Rd6 34.
Bxa5 Nc5 35. Nxc5+ Bxc5 36. Bc3 Rxa4 37. Rxa4 Rxh6 38. Ra5 Rc6 39. Bd2 f4 40.
b4 Be7 41. Ra2 h5 42. Ke2 Ke6 43. Kd3 Rd6+ 44. Ke2 Rb6 45. Ra5 Rc6 46. Ra2 Bd6
47. Kd3 g4 48. c4 gxf3 49. gxf3 Be5 50. c5 Kd5 51. Ra8 Rg6 52. Rd8+ Ke6 53. Ke4
Bf6 54. Rd5 h4 55. Bxf4 Rg1 56. Rh5 c6 57. Rh6 Rb1 58. Kd3 Kf5 59. Bd2 Rd1 60.
Rh5+ Kg6 61. Rh6+ Kf5 62. Rh5+ Kg6 63. Rh6+ Kf5 1/2-1/2

[Event "Colombia ch femenino 2009"]
[Site "Buga COL"]
[Date "2009.06.05"]
[Round "5.1"]
[White "Franco Valencia, Beatriz I"]
[Black "Salazar, Dirza Marcela"]
[Result "1-0"]
[WhiteElo "2155"]
[BlackElo "1921"]
[PlyCount "55"]
[EventDate "2009.06.03"]
[EventType "tourn"]
[EventRounds "9"]
[EventCountry "COL"]
[Source "lmi"]
[SourceDate "2009.06.03"]

1. e4 c5 2. Nc3 Nc6 3. g3 g6 4. Bg2 Bg7 5. d3 d6 6. Be3 e6 7. Qd2 Rb8 8. Nf3
Nd4 9. Nd1 Ne7 10. c3 Nxf3+ 11. Bxf3 O-O 12. Bh6 f5 13. Bg2 Qc7 14. h4 b6 15.
h5 Bb7 16. hxg6 Nxg6 17. Bg5 d5 18. exf5 exf5 19. f4 Rbe8+ 20. Kf2 d4 21. Kf1
c4 22. cxd4 Bxg2+ 23. Qxg2 cxd3 24. Nc3 Bxd4 25. Qd5+ Rf7 26. Qxd4 Rd7 27. Nd5
Qc6 28. Nf6+ 1-0

[Event "Colombia ch femenino 2009"]
[Site "Buga COL"]
[Date "2009.06.05"]
[Round "5.2"]
[White "Franco Valencia, Angela Maria"]
[Black "Mateus, Martha"]
[Result "1-0"]
[WhiteElo "2118"]
[BlackElo "2162"]
[PlyCount "65"]
[EventDate "2009.06.03"]
[EventType "tourn"]
[EventRounds "9"]
[EventCountry "COL"]
[Source "lmi"]
[SourceDate "2009.06.03"]

1. e4 c5 2. Nf3 d6 3. d4 cxd4 4. Nxd4 Nf6 5. Nc3 a6 6. h3 e5 7. Nde2 h6 8. g4
Be7 9. Bg2 Be6 10. Ng3 g6 11. Nd5 Bxd5 12. exd5 Nbd7 13. O-O Qc7 14. Be3 Ng8
15. Qe2 g5 16. c4 a5 17. Nh5 Ngf6 18. Ng7+ Kf8 19. Nf5 b6 20. b3 Ng8 21. a3 Bf6
22. b4 Ne7 23. Ng3 Ng6 24. c5 bxc5 25. bxc5 Nf4 26. Qd2 Nxg2 27. Kxg2 dxc5 28.
Rab1 Be7 29. Nf5 Bd6 30. Rb5 f6 31. Rfb1 Rb8 32. a4 Kf7 33. Rb7 1-0

[Event "Colombia ch femenino 2009"]
[Site "Buga COL"]
[Date "2009.06.05"]
[Round "5.3"]
[White "Orozco, Lina Yomayra"]
[Black "Rivera, Ingris"]
[Result "0-1"]
[WhiteElo "2111"]
[BlackElo "2187"]
[PlyCount "68"]
[EventDate "2009.06.03"]
[EventType "tourn"]
[EventRounds "9"]
[EventCountry "COL"]
[Source "lmi"]
[SourceDate "2009.06.03"]

1. e4 c5 2. Nf3 d6 3. d4 cxd4 4. Nxd4 Nf6 5. Nc3 a6 6. g3 b5 7. Bg2 Bb7 8. O-O
Nbd7 9. h3 e6 10. a3 Qc7 11. Re1 Be7 12. g4 Ne5 13. Nde2 O-O 14. Ng3 Rfd8 15.
Qe2 Rac8 16. Kh2 Qb8 17. f4 Nc4 18. g5 Ne8 19. Qd3 Qc7 20. Nce2 Bf8 21. Nd4 e5
22. Ndf5 exf4 23. Ne2 Ne5 24. Qb3 f3 25. Bxf3 Qxc2 26. Qxc2 Rxc2 27. Kg3 Nxf3
28. Kxf3 d5 29. exd5 Rxd5 30. Ne3 Rxg5+ 31. Kf4 Rcc5 32. Ng4 h5 33. Nf2 Rcf5+
34. Ke3 Rf3+ 0-1